000 00213nam a22000977a 4500
008 170125b xxu||||| |||| 00| 0 eng d
041 _aeng
080 _a618.2
245 _aQUICK CONSULT
_cBOSKER, G
942 _2udc
_cBK
999 _c3578
_d3578